000 00484nam a2200181Ia 4500
003 IN-BaIIA
008 211028s9999 xx 000 0 eng d
020 _a0-677-15030-X
040 _cIIA Library
080 _a535.215.2
_bSON
245 0 _aLaser and their applications
_cedited by A. Sona
260 _aNew York
_bGordon and Breach Science
_c1976
300 _axiv, 629p.
650 _a Lasers
_98231
650 _aNASA Thesaurus 
700 _aSona, A., ed.
_98232
942 _cBK
999 _c4647
_d4647